Regulačné obvody v podnikových informačných systémoch
Informačné systémy na podporu výkonnosti podniku. Rozvinuté plánovanie a rozvrhovanie výroby. Koncept APS - Advanced planning and scheduling. Dynamické plánovanie výroby. Koncept MSO - modelovanie, simulácia, optimalizácia. Koncept kybernetickej regulácie SRM. Regulačné obvody v praxi výrobných podn...
Gespeichert in:
| 1. Verfasser: | |
|---|---|
| Format: | Buchkapitel |
| Sprache: | Slowakisch |
| Schlagworte: | |
| Tags: |
Keine Tags, Fügen Sie das erste Tag hinzu!
|
MARC
| LEADER | 00000nla$a2200000$$$4500 | ||
|---|---|---|---|
| 001 | 0124250 | ||
| 005 | 20240502072413.6 | ||
| 041 | 0 | |a slo | |
| 044 | |a SK | ||
| 245 | 1 | 0 | |a Regulačné obvody v podnikových informačných systémoch |c Michal Grell |
| 520 | |a Informačné systémy na podporu výkonnosti podniku. Rozvinuté plánovanie a rozvrhovanie výroby. Koncept APS - Advanced planning and scheduling. Dynamické plánovanie výroby. Koncept MSO - modelovanie, simulácia, optimalizácia. Koncept kybernetickej regulácie SRM. Regulačné obvody v praxi výrobných podnikov. Softvérová podpora. | ||
| 610 | 2 | 0 | |a systémy informačné podnikové |
| 610 | 2 | 0 | |a softvér |
| 610 | 2 | 0 | |a riadenie podnikové |
| 610 | 2 | 0 | |a plánovanie |
| 610 | 2 | 0 | |a optimalizácia |
| 610 | 2 | 0 | |a výroba |
| 610 | 2 | 0 | |a podnik výrobný |
| 610 | 2 | 0 | |a kybernetizácia |
| 610 | 2 | 0 | |a výkonnosť |
| 100 | 1 | |a Grell, Michal | |